[Event "DEN-ch Kort1 Gr-1"]
[Site "Svendborg"]
[Date "2022.04.11"]
[Round "5"]
[White "Johansen, Johnny Holler"]
[Black "Justesen, Martin"]
[Result "1-0"]
[WhiteElo "1891"]
[BlackElo "1852"]
[PlyCount "75"]
[EventDate "2022.04.09"]
[EventType "swiss"]
[EventRounds "5"]
[EventCountry "DEN"]
[SourceTitle "EXT 2024"]
[Source "ChessBase"]
[SourceDate "2023.10.10"]
[SourceVersion "1"]
[SourceVersionDate "2023.10.10"]
[SourceQuality "1"]

1. e4 e6 2. d4 d5 3. exd5 exd5 4. Bd3 c5 5. c3 cxd4 6. cxd4 Bb4+ 7. Bd2 Qe7+ 8. Ne2 Nf6 9. 0-0 0-0 10. Nbc3 Nc6 11. Rc1 h6 12. Bf4 Bd6 13. Bxd6 Qxd6 14. h3 Be6 15. Qd2 Rfe8 16. Rfe1 Re7 17. Bb1 Rae8 18. Ng3 Bc8 19. Nce2 Ne4 20. Nxe4 dxe4 21. Rcd1 e3 22. Qd3 exf2+ 23. Kxf2 g6 24. Qd2 Kg7 25. Kg1 Nb4 26. d5 Na6 27. Nc3 Nc7 28. Rxe7 Rxe7 29. Qd4+ f6 30. Ne4 Qe5 31. Qxe5 fxe5 32. d6 Rd7 33. Rc1 Nb5 34. Rxc8 Nxd6 35. Nxd6 Rxd6 36. Rc7+ Kf6 37. Be4 b6 38. Rxa7 1-0

[Event "DEN-ch Kort1 Gr-1"]
[Site "Svendborg"]
[Date "2022.04.09"]
[Round "1"]
[White "Motzkus, Mikkel"]
[Black "Johansen, Johnny Holler"]
[Result "1/2-1/2"]
[WhiteElo "1974"]
[BlackElo "1891"]
[PlyCount "97"]
[EventDate "2022.04.09"]
[EventType "swiss"]
[EventRounds "5"]
[EventCountry "DEN"]
[SourceTitle "EXT 2024"]
[Source "ChessBase"]
[SourceDate "2023.10.10"]
[SourceVersion "1"]
[SourceVersionDate "2023.10.10"]
[SourceQuality "1"]

1. d4 Nf6 2. Nf3 g6 3. c4 Bg7 4. Nc3 d6 5. e4 0-0 6. Be2 Nbd7 7. 0-0 c6 8. Be3 Qc7 9. Rc1 e5 10. d5 c5 11. Ne1 Ne8 12. f4 exf4 13. Bxf4 Ne5 14. Nf3 f6 15. Qd2 Qe7 16. a3 Bd7 17. b4 Rc8 18. Nxe5 fxe5 19. Be3 Rxf1+ 20. Rxf1 b6 21. bxc5 bxc5 22. Rb1 Qd8 23. Rb7 Rc7 24. Qb2 Rxb7 25. Qxb7 Qc7 26. Qxc7 Nxc7 27. Nb5 Nxb5 28. cxb5 Bf6 29. Bd2 Bd8 30. Kf1 Kf7 31. Ke1 Ke8 32. Kd1 Bc7 33. Kc2 Kd8 34. Kb3 Kc8 35. a4 Bd8 36. a5 Kb7 37. a6+ Kc8 38. Ka4 Bb6 39. Bg5 Kc7 40. Be7 Bc8 41. Bf8 Bd7 42. h3 h5 43. g4 hxg4 44. Bxg4 Bxg4 45. hxg4 Kd7 46. Kb3 Bc7 47. Kc4 Bd8 48. Bh6 Kc7 49. Bd2 1/2-1/2

[Event "DEN-ch G5-1"]
[Site "Svendborg"]
[Date "2019.04.13"]
[Round "1"]
[White "Svendsen, Peter Willer"]
[Black "Johansen, Johnny Holler"]
[Result "0-1"]
[WhiteElo "1936"]
[BlackElo "1932"]
[PlyCount "60"]
[EventDate "2019.04.13"]
[EventType "swiss"]
[EventRounds "5"]
[EventCountry "DEN"]
[SourceTitle "EXT 2020"]
[Source "ChessBase"]
[SourceDate "2019.10.17"]
[SourceVersion "1"]
[SourceVersionDate "2019.10.17"]
[SourceQuality "1"]

1. e4 c6 2. d4 d5 3. Nc3 dxe4 4. Nxe4 Bf5 5. Ng3 Bg6 6. N1e2 h6 7. Nf4 Bh7 8. Bc4 Nf6 9. 0-0 e6 10. Re1 Be7 11. Rxe6 fxe6 12. Nxe6 Qd7 13. Nxg7+ Kd8 14. Ne6+ Kc8 15. Bf4 Bd6 16. Qf3 Nd5 17. Nc5 Bxc5 18. dxc5 Rf8 19. Bxd5 cxd5 20. Rd1 Nc6 21. Ne2 Qe6 22. g3 Bxc2 23. Rd2 Be4 24. Qh5 Rf6 25. Nc3 Bg6 26. Qh4 Qe1+ 27. Kg2 Be4+ 28. Nxe4 Qxe4+ 29. f3 Qe6 30. Rxd5 Rxf4 0-1

[Event "DEN-ch Seniors 50+"]
[Site "Hvidovre"]
[Date "2018.02.16"]
[Round "5"]
[White "Baliuniene, Margarita"]
[Black "Johansen, Johnny Holler"]
[Result "1-0"]
[WhiteElo "1881"]
[BlackElo "1904"]
[PlyCount "139"]
[EventDate "2018.02.12"]
[EventType "swiss"]
[EventRounds "7"]
[EventCountry "DEN"]
[SourceTitle "CBM 183 Extra"]
[Source "ChessBase"]
[SourceDate "2018.04.19"]
[SourceVersion "1"]
[SourceVersionDate "2018.04.19"]
[SourceQuality "1"]

1. Nf3 Nf6 2. g3 g6 3. Bg2 Bg7 4. d4 d5 5. 0-0 0-0 6. c4 c6 7. b3 a6 8. Nbd2 b5 9. Bb2 Bb7 10. Ne5 Nbd7 11. f4 Nxe5 12. dxe5 Qb6+ 13. Kh1 Ng4 14. Nf3 dxc4 15. Bd4 c5 16. Bg1 cxb3 17. axb3 a5 18. Qc2 Rfc8 19. Rfc1 Qd8 20. h3 Nh6 21. Bxc5 Nf5 22. Kh2 Ne3 23. Qd3 Qxd3 24. exd3 Nxg2 25. Kxg2 Bd5 26. Bxe7 Bxb3 27. Rxc8+ Rxc8 28. Rxa5 Bc2 29. Ne1 Ba4 30. Kf2 Bf8 31. Bxf8 Kxf8 32. Ke3 Rc1 33. Nf3 Ra1 34. Ra8+ Ke7 35. Rb8 Kd7 36. Rb7+ Kc6 37. Rxf7 b4 38. Rf6+ Kc7 39. Rf7+ Kb6 40. Nd2 b3 41. Kd4 Rc1 42. Nxb3 Bxb3 43. Rxh7 Rc6 44. g4 Be6 45. Rg7 Bc8 46. Ke4 Bb7 47. Kd4 Bc8 48. Re7 Rc1 49. Rf7 Rh1 50. Rf6+ Kc7 51. Rxg6 Rxh3 52. f5 Kd7 53. Rd6+ Ke8 54. Ke4 Bb7+ 55. Kf4 Rf3+ 56. Kg5 Bc8 57. d4 Kf7 58. Rd8 Ba6 59. Ra8 Be2 60. Ra7+ Ke8 61. Kf6 Kd8 62. e6 Bb5 63. e7+ Kc8 64. Ra8+ Kc7 65. e8Q Bxe8 66. Rxe8 Rf4 67. g5 Rxd4 68. g6 Rd6+ 69. Kf7 Rd5 70. f6 1-0

[Event "DEN-ch Seniors 50+"]
[Site "Hvidovre"]
[Date "2018.02.14"]
[Round "3"]
[White "Hansen, Lars Henrik Bech"]
[Black "Johansen, Johnny Holler"]
[Result "1/2-1/2"]
[WhiteElo "1972"]
[BlackElo "1904"]
[PlyCount "29"]
[EventDate "2018.02.12"]
[EventType "swiss"]
[EventRounds "7"]
[EventCountry "DEN"]
[SourceTitle "CBM 183 Extra"]
[Source "ChessBase"]
[SourceDate "2018.04.19"]
[SourceVersion "1"]
[SourceVersionDate "2018.04.19"]
[SourceQuality "1"]

1. e4 c5 2. Nc3 Nc6 3. f4 d6 4. Nf3 g6 5. Bc4 Bg7 6. 0-0 e6 7. d3 Nge7 8. Qe1 0-0 9. Qh4 d5 10. Bb3 f5 11. e5 Rb8 12. Ne2 b5 13. c3 Bd7 14. Bc2 b4 15. d4 1/2-1/2

[Event "Helsingor Xtracon op"]
[Site "Helsingor"]
[Date "2016.07.26"]
[Round "5"]
[White "Jarve, Edvin"]
[Black "Johansen, Johnny Holler"]
[Result "1-0"]
[WhiteElo "1716"]
[BlackElo "1919"]
[PlyCount "113"]
[EventDate "2016.07.23"]
[EventType "swiss"]
[EventRounds "10"]
[EventCountry "DEN"]
[SourceTitle "CBM 173 Extra"]
[Source "ChessBase"]
[SourceDate "2016.08.29"]
[SourceVersion "1"]
[SourceVersionDate "2016.08.29"]
[SourceQuality "1"]

1. d4 Nf6 2. c4 g6 3. Nc3 d5 4. Nf3 Bg7 5. Bg5 c6 6. cxd5 cxd5 7. Qb3 e6 8. e3 0-0 9. Bd3 Nc6 10. 0-0 Qb6 11. Qxb6 axb6 12. Rfc1 Nd7 13. Bb5 Ra5 14. a3 f6 15. Bh4 Na7 16. Be2 Nc6 17. b4 Ra8 18. Nb5 Kf7 19. Bg3 Rg8 20. Nc7 Ra7 21. Nb5 Ra8 22. Bd1 Bf8 23. Nd6+ Bxd6 24. Bxd6 e5 25. b5 Na5 26. dxe5 fxe5 27. Nxe5+ Nxe5 28. Bxe5 Nc4 29. Bd4 Be6 30. Be2 Rgc8 31. Rc3 Ra5 32. a4 Rca8 33. Bxc4 dxc4 34. Rca3 Rc8 35. Bxb6 Raa8 36. Bd4 Bd7 37. Kf1 Ke6 38. Ke2 Kd5 39. Kd2 Bf5 40. a5 Bd7 41. a6 bxa6 42. bxa6 Rcb8 43. a7 Rb5 44. Ra5 Kd6 45. Rxb5 Bxb5 46. Kc3 Bc6 47. f3 Rc8 48. Rb1 Ba8 49. Rb8 Kd7 50. Rxc8 Kxc8 51. Kxc4 Kd7 52. Kc5 Kc7 53. Be5+ Kb7 54. Bb8 Kc8 55. Kd6 Kd8 56. e4 Bb7 57. e5 1-0

[Event "DEN-ch Seniors 50+"]
[Site "Koge"]
[Date "2016.02.22"]
[Round "2"]
[White "Johansen, Johnny Holler"]
[Black "Stentebjerg Hansen, Per"]
[Result "0-1"]
[WhiteElo "1853"]
[BlackElo "2280"]
[PlyCount "52"]
[EventDate "2016.02.21"]
[EventType "swiss"]
[EventRounds "7"]
[EventCountry "DEN"]
[SourceTitle "EXT 2018"]
[Source "ChessBase"]
[SourceDate "2017.10.13"]
[SourceVersion "1"]
[SourceVersionDate "2017.10.13"]
[SourceQuality "1"]

1. e4 c6 2. d4 d5 3. Nc3 dxe4 4. Nxe4 Bf5 5. Ng3 Bg6 6. Nf3 e6 7. Ne5 Nd7 8. Nxg6 hxg6 9. Bf4 Ngf6 10. c4 Bb4+ 11. Bd2 Bd6 12. Qb3 Qc7 13. Be2 c5 14. d5 exd5 15. cxd5 Nb6 16. Bb5+ Kf8 17. 0-0-0 c4 18. Qf3 a6 19. Bc3 axb5 20. a3 Rd8 21. Rhe1 Na4 22. Bxf6 Bf4+ 23. Kb1 gxf6 24. Ne4 c3 25. bxc3 Qc4 26. Re2 Qb3+ 0-1

[Event "Copenhagen Challenge"]
[Site "Ballerup"]
[Date "2015.05.02"]
[Round "6"]
[White "Johansen, Johnny Holler"]
[Black "Vatnestrom, Leo Andreas Giske"]
[Result "1-0"]
[WhiteElo "1884"]
[BlackElo "1483"]
[PlyCount "31"]
[EventDate "2015.04.29"]
[EventType "swiss"]
[EventRounds "9"]
[EventCountry "DEN"]
[SourceTitle "CBM 166 Extra"]
[Source "ChessBase"]
[SourceDate "2015.06.18"]
[SourceVersion "1"]
[SourceVersionDate "2015.06.18"]
[SourceQuality "1"]

1. e4 e6 2. d4 d5 3. Nc3 Nf6 4. Bg5 Be7 5. e5 Nfd7 6. h4 f6 7. exf6 Nxf6 8. Nf3 Nc6 9. Bb5 g6 10. Ne5 Qd6 11. h5 Bd7 12. Bxc6 Bxc6 13. hxg6 Qb4 14. g7 Rg8 15. Bxf6 Bxf6 16. Qh5+ 1-0

[Event "DEN-ch Seniors 50"]
[Site "Randers"]
[Date "2015.02.13"]
[Round "7"]
[White "Johansen, Johnny Holler"]
[Black "Gronhoj, Benny"]
[Result "0-1"]
[WhiteElo "1894"]
[BlackElo "2021"]
[PlyCount "86"]
[EventDate "2015.02.07"]
[EventType "swiss"]
[EventRounds "7"]
[EventCountry "DEN"]
[SourceTitle "EXT 2016"]
[Source "ChessBase"]
[SourceDate "2015.10.08"]
[SourceVersion "1"]
[SourceVersionDate "2015.10.08"]
[SourceQuality "1"]

1. d4 e6 2. e4 c5 3. Nf3 cxd4 4. Nxd4 Nf6 5. Nc3 Nc6 6. Be3 Bb4 7. Nxc6 bxc6 8. Qf3 Qa5 9. Bd2 0-0 10. Bd3 d5 11. e5 Nd7 12. Qf4 c5 13. 0-0 Qc7 14. Rfe1 Bxc3 15. Bxc3 c4 16. Bf1 a5 17. Qg3 Nc5 18. f3 Rb8 19. Rad1 Na4 20. Bd2 Rxb2 21. Be3 Rxc2 22. Rd4 f5 23. Bg5 Qb6 24. Be3 Qc7 25. Bg5 Nc3 26. Kh1 Qc5 27. Be3 Qc7 28. Bg5 Qf7 29. Rh4 Qg6 30. Qf4 Nxa2 31. Rh3 Nb4 32. Rg3 Nd3 33. Bxd3 cxd3 34. Bf6 Rxf6 35. Rxg6 Rxg6 36. Qh4 Rgxg2 37. Qe7 Rxh2+ 38. Kg1 h6 39. Rd1 Ba6 40. Qd8+ Kh7 41. Qxa5 Bc4 42. Rb1 Rcg2+ 43. Kf1 d2# 0-1

[Event "DEN-ch Seniors 50"]
[Site "Randers"]
[Date "2015.02.12"]
[Round "6"]
[White "Ottesen, Soren Rud"]
[Black "Johansen, Johnny Holler"]
[Result "0-1"]
[WhiteElo "1674"]
[BlackElo "1894"]
[PlyCount "108"]
[EventDate "2015.02.07"]
[EventType "swiss"]
[EventRounds "7"]
[EventCountry "DEN"]
[SourceTitle "EXT 2016"]
[Source "ChessBase"]
[SourceDate "2015.10.08"]
[SourceVersion "1"]
[SourceVersionDate "2015.10.08"]
[SourceQuality "1"]

1. e4 c5 2. Nf3 Nc6 3. d4 cxd4 4. Nxd4 g6 5. Nc3 Bg7 6. Be3 Nf6 7. f3 d5 8. exd5 Nxd5 9. Nxc6 bxc6 10. Nxd5 Qxd5 11. Qxd5 cxd5 12. Bb5+ Bd7 13. Bxd7+ Kxd7 14. 0-0-0 e6 15. c3 Rhc8 16. Rd3 Ke8 17. Bd4 Bxd4 18. Rxd4 Rab8 19. Re1 Kd7 20. Kb1 Rxc3 21. Rc1 Rxc1+ 22. Kxc1 Rc8+ 23. Kd2 Kd6 24. f4 f6 25. Ra4 Rc7 26. Ra6+ Kd7 27. b4 Ke7 28. b5 e5 29. a4 exf4 30. Kd3 g5 31. a5 Rb7 32. b6 axb6 33. axb6 Kd6 34. Kd4 Kc6 35. Ra5 Rxb6 36. Rc5+ Kd6 37. Rxd5+ Ke6 38. Ra5 Rb2 39. Ke4 f5+ 40. Kf3 Rb3+ 41. Kf2 g4 42. Ra6+ Kf7 43. Ra4 f3 44. gxf3 Rxf3+ 45. Kg2 Kg6 46. Ra6+ Kg5 47. Ra8 Rb3 48. Ra2 h5 49. Rf2 f4 50. Ra2 Kh4 51. Kf2 Kh3 52. Ra5 h4 53. Ra4 g3+ 54. hxg3 hxg3+ 0-1

[Event "DEN-ch Seniors 50"]
[Site "Randers"]
[Date "2015.02.09"]
[Round "3"]
[White "Johansen, Johnny Holler"]
[Black "Grafmoller, Torben"]
[Result "1-0"]
[WhiteElo "1894"]
[BlackElo "1787"]
[PlyCount "69"]
[EventDate "2015.02.07"]
[EventType "swiss"]
[EventRounds "7"]
[EventCountry "DEN"]
[SourceTitle "EXT 2016"]
[Source "ChessBase"]
[SourceDate "2015.10.08"]
[SourceVersion "1"]
[SourceVersionDate "2015.10.08"]
[SourceQuality "1"]

1. e4 d5 2. exd5 Nf6 3. Nc3 Nxd5 4. Bc4 e6 5. Nf3 Nxc3 6. bxc3 g6 7. 0-0 Bg7 8. Ba3 Nd7 9. Qe2 Nb6 10. Bd3 Nd5 11. g3 Ne7 12. Rab1 0-0 13. Be4 c6 14. Nd4 Bxd4 15. cxd4 Re8 16. Bb2 Nf5 17. Qd3 h5 18. Qc3 f6 19. Rfe1 Kf7 20. Ba1 Ne7 21. Qd3 g5 22. d5 cxd5 23. Qf3 Ng6 24. Qxh5 Rg8 25. Qh7+ Kf8 26. Bxg6 Qe7 27. Qxe7+ Kxe7 28. Bd3 b6 29. c4 Bb7 30. cxd5 Bxd5 31. Be4 Rad8 32. Bxd5 Rxd5 33. Re2 g4 34. Rbe1 e5 35. d4 1-0

[Event "DEN-ch Seniors 50"]
[Site "Randers"]
[Date "2015.02.08"]
[Round "2"]
[White "Henninger, Holger"]
[Black "Johansen, Johnny Holler"]
[Result "0-1"]
[WhiteElo "1761"]
[BlackElo "1894"]
[PlyCount "98"]
[EventDate "2015.02.07"]
[EventType "swiss"]
[EventRounds "7"]
[EventCountry "DEN"]
[SourceTitle "EXT 2016"]
[Source "ChessBase"]
[SourceDate "2015.10.08"]
[SourceVersion "1"]
[SourceVersionDate "2015.10.08"]
[SourceQuality "1"]

1. e4 c5 2. Nf3 d6 3. d4 cxd4 4. Nxd4 Nf6 5. Nc3 g6 6. f3 Bg7 7. Be3 Nc6 8. Qd2 Bd7 9. 0-0-0 0-0 10. g4 Qa5 11. Kb1 Rfc8 12. Nxc6 bxc6 13. Nd5 Qxd2 14. Nxe7+ Kf8 15. Nxg6+ hxg6 16. Rxd2 Ne8 17. Bd4 Bxd4 18. Rxd4 Be6 19. h4 Ke7 20. g5 Ng7 21. Ba6 Rcb8 22. Re1 Rb6 23. Ra4 Rab8 24. b3 Rb4 25. Ra5 Nh5 26. Bd3 R4b7 27. Ba6 Rc7 28. Ra4 c5 29. Bc4 Bxc4 30. Rxc4 Rb4 31. Rc3 Nf4 32. Rh1 Rb8 33. Rc4 Rh8 34. Rh2 Ne6 35. c3 Nxg5 36. f4 Ne6 37. f5 Nd8 38. fxg6 fxg6 39. e5 dxe5 40. b4 Ne6 41. Rg4 Nf4 42. b5 Kf6 43. c4 Rd7 44. Kc2 Rd4 45. Kb3 Rhd8 46. Rc2 Rd3+ 47. Ka4 R8d4 48. b6 axb6 49. Kb5 Rd6 0-1

[Event "Copenhagen Challenge"]
[Site "Ballerup"]
[Date "2014.05.14"]
[Round "1"]
[White "Johansen, Johnny Holler"]
[Black "Mueller, Reinhold"]
[Result "0-1"]
[WhiteElo "1949"]
[BlackElo "2282"]
[PlyCount "68"]
[EventDate "2014.05.14"]
[EventType "swiss"]
[EventRounds "9"]
[EventCountry "DEN"]
[SourceTitle "CBM 160 Extra"]
[Source "ChessBase"]
[SourceDate "2014.07.01"]
[SourceVersion "1"]
[SourceVersionDate "2014.07.01"]
[SourceQuality "1"]

1. f4 d5 2. Nf3 c5 3. e3 g6 4. d4 Bg7 5. Be2 Nh6 6. 0-0 0-0 7. b3 Nc6 8. Bb2 Nf5 9. Qd2 cxd4 10. exd4 Qb6 11. c3 a5 12. Na3 a4 13. b4 Nd6 14. Nc2 Bf5 15. Ne3 a3 16. Bc1 Be4 17. Qd1 e6 18. Qb3 Bxf3 19. Bxf3 Rfc8 20. Bd2 Na7 21. Kh1 Nab5 22. Rac1 Rc7 23. g4 Bh6 24. f5 Bxe3 25. Bxe3 Rac8 26. fxe6 fxe6 27. Bh6 Nxc3 28. Rxc3 Rxc3 29. Qd1 Nf7 30. Bd2 Rc2 31. Qe1 Qxd4 32. Qxe6 Qxd2 33. Be2 Rf8 34. Rf2 Qd4 0-1

[Event "Odense Andersen op"]
[Site "Odense"]
[Date "2013.05.12"]
[Round "8"]
[White "Johansen, Johnny Holler"]
[Black "Becker, Martin"]
[Result "0-1"]
[WhiteElo "2002"]
[BlackElo "1910"]
[PlyCount "60"]
[EventDate "2013.05.08"]
[EventType "swiss"]
[EventRounds "9"]
[EventCountry "DEN"]
[SourceTitle "CBM 154 Extra"]
[Source "ChessBase"]
[SourceDate "2013.06.25"]
[SourceVersion "2"]
[SourceVersionDate "2013.06.25"]
[SourceQuality "1"]

1. e4 e6 2. d4 d5 3. exd5 exd5 4. Bd3 Bd6 5. Nf3 h6 6. c3 Bg4 7. 0-0 Nd7 8. Re1+ Ne7 9. Be3 c6 10. Nbd2 0-0 11. h3 Bf5 12. Qc2 Bxd3 13. Qxd3 Ng6 14. Qf5 Nf6 15. Ne5 Ne7 16. Qc2 Qc8 17. Bf4 Ne8 18. Ndf3 Qc7 19. Qe2 Nf6 20. Be3 Rae8 21. Qd3 Ne4 22. Nd2 f6 23. Nxe4 dxe4 24. Qc4+ Kh7 25. f4 Nd5 26. Ng4 Bxf4 27. Bxf4 Qxf4 28. Rf1 Qg3 29. Rae1 h5 30. Nf2 Nf4 0-1

[Event "Odense Andersen op"]
[Site "Odense"]
[Date "2013.05.10"]
[Round "4"]
[White "Johansen, Johnny Holler"]
[Black "Hansen, Mads"]
[Result "0-1"]
[WhiteElo "2002"]
[BlackElo "2306"]
[PlyCount "96"]
[EventDate "2013.05.08"]
[EventType "swiss"]
[EventRounds "9"]
[EventCountry "DEN"]
[SourceTitle "CBM 154 Extra"]
[Source "ChessBase"]
[SourceDate "2013.06.25"]
[SourceVersion "2"]
[SourceVersionDate "2013.06.25"]
[SourceQuality "1"]

1. e4 e5 2. Nf3 Nc6 3. Bc4 Bc5 4. d3 Nf6 5. 0-0 d6 6. c3 a6 7. a4 Ba7 8. Be3 0-0 9. Nbd2 Ne7 10. Bxa7 Rxa7 11. d4 Ng6 12. dxe5 dxe5 13. Re1 Qe7 14. g3 c6 15. a5 Ra8 16. Qc2 Bg4 17. Bf1 h5 18. h4 Rfd8 19. Ng5 Ne8 20. Bg2 Nd6 21. Bf3 Nf8 22. Bg2 f6 23. Ngf3 Qf7 24. Nf1 Rd7 25. Ne3 Be6 26. b4 Rad8 27. Bf1 Nc4 28. Nxc4 Bxc4 29. Bxc4 Qxc4 30. Re3 Rd3 31. Rae1 Ne6 32. Rxd3 Rxd3 33. Re3 Rxe3 34. fxe3 c5 35. Nd2 Qe2 36. Qb3 Qxe3+ 37. Kf1 Qd3+ 38. Ke1 Qxg3+ 39. Kd1 Qg4+ 40. Kc2 Kh7 41. bxc5 Nxc5 42. Qd5 Qc8 43. Qf7 Kh6 44. Qc4 Qc6 45. Qe2 Qa4+ 46. Kc1 Qa1+ 47. Kc2 Qa2+ 48. Kc1 Nb3+ 0-1

[Event "Odense Andersen op"]
[Site "Odense"]
[Date "2013.05.08"]
[Round "1"]
[White "Epishin, Vladimir"]
[Black "Johansen, Johnny Holler"]
[Result "1-0"]
[WhiteElo "2603"]
[BlackElo "2002"]
[PlyCount "49"]
[EventDate "2013.05.08"]
[EventType "swiss"]
[EventRounds "9"]
[EventCountry "DEN"]
[SourceTitle "CBM 154 Extra"]
[Source "ChessBase"]
[SourceDate "2013.06.25"]
[SourceVersion "2"]
[SourceVersionDate "2013.06.25"]
[SourceQuality "1"]

1. d4 Nf6 2. Nf3 d5 3. c4 g6 4. cxd5 Nxd5 5. e4 Nb6 6. Be3 Bg7 7. Nbd2 Bg4 8. Be2 N8d7 9. 0-0 0-0 10. Qc2 c6 11. Rad1 Qc7 12. h3 Bxf3 13. Nxf3 Rac8 14. a4 Nf6 15. Rd2 Nbd7 16. Rc1 Qb8 17. b4 e5 18. Rcd1 exd4 19. Rxd4 Ne5 20. Qd2 Nh5 21. Nxe5 Bxe5 22. Bxh5 gxh5 23. Bh6 Bxd4 24. Qg5+ Kh8 25. Rxd4 1-0

[Event "Copenhagen Challenge"]
[Site "Ballerup"]
[Date "2013.04.24"]
[Round "1"]
[White "Westerinen, Heikki MJ"]
[Black "Johansen, Johnny Holler"]
[Result "1/2-1/2"]
[WhiteElo "2335"]
[BlackElo "2016"]
[PlyCount "130"]
[EventDate "2013.04.24"]
[EventType "swiss"]
[EventRounds "9"]
[EventCountry "DEN"]
[SourceTitle "CBM 154 Extra"]
[Source "ChessBase"]
[SourceDate "2013.06.25"]
[SourceVersion "2"]
[SourceVersionDate "2013.06.25"]
[SourceQuality "1"]

1. e4 c5 2. Nf3 d6 3. c3 Nf6 4. h3 Nc6 5. Bd3 g6 6. 0-0 Bg7 7. Bc2 0-0 8. d4 cxd4 9. cxd4 Nb4 10. Bb3 d5 11. e5 Ne4 12. Nc3 Nxc3 13. bxc3 Nc6 14. a4 b6 15. Qe2 Na5 16. Ba2 Bb7 17. e6 f6 18. h4 Qc8 19. Re1 Ba6 20. Qe3 Bc4 21. Bb1 Nb3 22. Ra3 Nxc1 23. Qxc1 Qe8 24. Qc2 Rc8 25. h5 f5 26. hxg6 hxg6 27. Ba2 Rf6 28. Bxc4 Rxc4 29. Qd2 Rc6 30. Raa1 Rcxe6 31. Ne5 Rf8 32. a5 Bxe5 33. dxe5 Qb5 34. axb6 axb6 35. Ra7 Qc5 36. Re3 f4 37. Re1 b5 38. Rd7 Rc6 39. Rxd5 Qxc3 40. Qxc3 Rxc3 41. Rxb5 Rfc8 42. Rb7 Rc1 43. Kf1 Rxe1+ 44. Kxe1 Kf7 45. Ke2 Rc5 46. Kf3 g5 47. Ke4 Rc2 48. Kf5 Rxf2 49. e6+ Kg7 50. Rxe7+ Kf8 51. Ra7 f3 52. gxf3 Rxf3+ 53. Kxg5 Ke8 54. Kg6 Rf1 55. Kg7 Rg1+ 56. Kf6 Rf1+ 57. Ke5 Re1+ 58. Kd5 Rd1+ 59. Kc4 Re1 60. Ra6 Ke7 61. Kd5 Rd1+ 62. Ke5 Re1+ 63. Kf5 Rf1+ 64. Kg5 Rg1+ 65. Kf4 Rf1+ 1/2-1/2